000 00595nam a22002053a 4500
999 _c9826
_d9826
001 9826
003 BD-JhCC
005 20180402083340.0
008 500101s1980 xx 000 0 eng d
035 _aOCLC pks03259725 from D960129K
_a(BD-JhCC)9826
040 _aEQO
_cEQO
_dBD-JhCC
041 _aeng
082 _bENC 1980
_a796.33403
245 0 0 _aEncyclopedia of world football /
_c(compiled and ed. by R. Widdows)
260 _aLondon :
_c1980.
_bMardhall Cavendish Books Limited,
300 _a191 p. :
_bills;
_c26 cm.
700 1 _aWiddows, Richard.
942 _2ddc
_cREF